| 000 | 00357 a2200109 4500 | ||
|---|---|---|---|
| 001 | ART_46639 | ||
| 005 | 20260410162041.0 | ||
| 008 | 260409a | ||
| 245 | 1 | 0 | _aLa clasificación arancelaria y el uso del Sistema GS1 en las declaraciones juradas aduaneras |
| 100 | 1 | _aSchurig, Harry | |
| 773 | 0 |
_tImpuestos _g- N°30 (jun. 2018) _wREV45175 |
|
| 999 |
_c34870 _d34870 |
||